Warrior cats: Medicine Cats - Statistics

General Stats
  • This quiz has been taken 612 times
  • The average score is 9 of 22
Answer Stats
Hint Answer % Correct
ThunderClan and ShadowClan Yellowfang
94%
ThunderClan Spottedleaf
87%
ThunderClan Leafpool
84%
ThunderClan Jayfeather
82%
ThunderClan Cinderpelt
81%
RiverClan Mothwing
67%
ThunderClan Goosefeather
60%
ShadowClan Littlecloud
54%
WindClan Barkface
51%
RiverClan Mudfur
51%
ThunderClan FeatherWhisker
47%
RiverClan Willowshine
43%
RiverClan Brambleberry
37%
WindClan Hawkheart
26%
ShadowClan Sagewhisker
26%
RiverClan Milkfur
13%
ThunderClan Kestrelwing
8%
SkyClan Fawnstep
5%
WindClan Larkwing
4%
ShadowClan Molepelt
4%
RiverClan Icewhisker
3%
WindClan Krestelflight
2%
No matching quizzes found
Score Distribution
Percent of People with Each Score
Percentile by Number Answered
Your Score History
You have not taken this quiz